000 00681nam a22002055i 4500
001 161596
003 ES-MaACL
005 20230906212323.0
008 041021s1877 gw |||| | eng d
040 _aCAM
_bspa
_cCAM
100 1 _aPeard, Frances Mary.
_9130925
245 1 2 _aA madrigal and other stories /
_cby Frances Mary Peard.
260 _aLeipzig :
_bBernhard Tauchnitz,
_c1877.
300 _a304 p. ;
_c16 cm.
490 1 _aCollection of british authors ;
_v1653
650 4 _aNovela inglesa.
_9137408
830 0 _aCollection of british authors ;
_v1653
_9180703
852 _aES-MaACL
_jG-11995
_z-- Enc. hol., conservando la cub. original
999 _c161596
_d161596